Recursos marinos: algas, fuente potencial de nuevos fármacos

Guardat en:
Dades bibliogràfiques
Autor principal: Accorinti, Juan (Autor)
Format: Llibre
Idioma:espanyol
Publicat: Buenos Aires Instituto Antártico Argentino 1987
Col·lecció:Publicación, 18
Matèries:
Etiquetes: Afegir etiqueta
Sense etiquetes, Sigues el primer a etiquetar aquest registre!

MARC

LEADER 00000nam a2200000 a 4500
001 UCM7817
003 CL-VaPUC
008 030110e19870000AG |||||||||||||||||spa|d
082 0 4 |a 579.8  |b ACC  |2 21 
100 0 |a Accorinti, Juan  |e author  |9 473451 
245 1 0 |a Recursos marinos: algas, fuente potencial de nuevos fármacos 
300 |a 131 p 
942 |c BK 
945 |d 20030110 00:00:00  |a cmena 
260 |a Buenos Aires  |b Instituto Antártico Argentino  |c 1987 
650 0 |a Algas marinas  |9 261775 
650 7 |a COMPOSICION QUIMICA  |2 CL-VaPUC  |9 403020 
650 0 |a Farmacología   |9 269634 
583 |a last modification  |c 20030110 00:00:00  |k Rodrigo Vera 
490 0 |a Publicación, 18 
999 |c 302482  |d 302480 
952 |0 0  |1 0  |2 ddc  |4 0  |6 579_800000000000000_ACC_1987  |7 0  |8 CCM  |9 363092  |a BIBCUR  |b BIBCUR  |c PAC  |d 2019-11-21  |i 3876039  |o 579.8 ACC 1987  |p 3876039  |r 2025-04-22  |w 2019-11-21  |y BK  |k CIM